Using Computers 3rd ed. (Record no. 8481)

MARC details
000 -LEADER
fixed length control field 00654nam a22002297i 4500
003 - CONTROL NUMBER IDENTIFIER
control field URS
005 - DATE AND TIME OF LATEST TRANSACTION
control field 20220114153342.0
008 - FIXED-LENGTH DATA ELEMENTS--GENERAL INFORMATION
fixed length control field 171021b xxu||||| |||| 00| 0 eng d
020 ## - INTERNATIONAL STANDARD BOOK NUMBER
International Standard Book Number 9789713704290
040 ## - CATALOGING SOURCE
Description conventions rda
Transcribing agency URSP-College Library
Language of cataloging eng
050 ## - LIBRARY OF CONGRESS CALL NUMBER
Item number 651.8 J39u 2012
100 1# - MAIN ENTRY--PERSONAL NAME
Personal name Jemma Development Group
245 ## - TITLE STATEMENT
Title Using Computers 3rd ed.
Statement of responsibility, etc. Jemma Development Group
264 #1 - PRODUCTION, PUBLICATION, DISTRIBUTION, MANUFACTURE, AND COPYRIGHT NOTICE
Place of production, publication, distribution, manufacture Philippines
Name of producer, publisher, distributor, manufacturer Jemme,Inc.
Date of production, publication, distribution, manufacture, or copyright notice 2012.
300 ## - PHYSICAL DESCRIPTION
Extent xiv, 289pages
Dimensions 25cm.
336 ## - CONTENT TYPE
Content type term text
Content type code txt
Source rdacontent
337 ## - MEDIA TYPE
Media type term unmediated
Media type code n
Source rdamedia
338 ## - CARRIER TYPE
Carrier type term volume
Carrier type code nc
Source rdacarrier
500 ## - GENERAL NOTE
General note Includes bibliography
650 #0 - SUBJECT ADDED ENTRY--TOPICAL TERM
Topical term or geographic name entry element computers.
942 ## - ADDED ENTRY ELEMENTS (KOHA)
Source of classification or shelving scheme Library of Congress Classification
Koha item type Filipiniana
Holdings
Withdrawn status Source of classification or shelving scheme Damaged status Not for loan Collection code Home library Current library Shelving location Date acquired Total Checkouts Full call number Barcode Date last seen Copy number Price effective from Koha item type
  Library of Congress Classification     Reference Morong College Library Morong College Library   08/04/2015   QA 76 .J399 2012 URSMOR-CL-26526 06/06/2017 1 01/16/2023 Filipiniana
  Library of Congress Classification     Reference Morong College Library Morong College Library   08/04/2015   QA 76 .J399 2012 URSMOR-CL-26527 06/06/2017 2 01/16/2023 Filipiniana
  Library of Congress Classification     Reference Morong College Library Morong College Library   08/04/2015   QA 76 .J399 2012 URSMOR-CL-26528 06/06/2017 3 01/16/2023 Filipiniana
  Library of Congress Classification     Reference Morong College Library Morong College Library   08/04/2015   QA 76 .J399 2012 URSMOR-CL-26529 06/06/2017 4 01/16/2023 Filipiniana
  Library of Congress Classification     Reference Morong College Library Morong College Library   08/04/2015   QA 76 .J399 2012 URSMOR-CL-26530 06/06/2017 5 01/16/2023 Filipiniana
  Library of Congress Classification     Non-fiction Pililla College Library Pililla College Library General Stacks 10/21/2017   651.8 J39u 2012 URSPIL-4206 07/19/2018 1 10/21/2017 Filipiniana
  Library of Congress Classification     Non-fiction Pililla College Library Pililla College Library General Stacks 10/21/2017   651.8 J39u 2012 URSPIL-4207 07/19/2018 2 10/21/2017 Filipiniana
  Library of Congress Classification     Non-fiction Pililla College Library Pililla College Library General Stacks 10/21/2017   651.8 J39u 2012 URSPIL-4208 07/19/2018 3 10/21/2017 Filipiniana
  Library of Congress Classification     Non-fiction Pililla College Library Pililla College Library General Stacks 10/21/2017   651.8 J39u 2012 URSPIL-4209 07/19/2018 4 10/21/2017 Filipiniana
  Library of Congress Classification     Non-fiction Pililla College Library Pililla College Library General Stacks 10/21/2017   651.8 J39u 2012 URSPIL-4210 07/19/2018 5 10/21/2017 Filipiniana

University of Rizal System
Email us at univlibservices@urs.edu.ph

Visit our Website www.urs.edu.ph/library